Dios /
Siempre llegamos a la pregunta por el origen del origen. Pero volver al origen, ¿es posible? ¿Qué hay después? ¿O el después es el mismo lugar del origen? Estas preguntas y sus posibles respuestas nos introducen al mundo de lo religioso. ¿Qué es la religión? Si hay un Dios, ¿qué mundo se ordena a su...
Guardado en:
| Autor Principal: | |
|---|---|
| Autor Corporativo: | |
| Formato: | |
| Publicado: |
Argentina :
Canal Encuentro,
2011.
|
| Series: | Mentira La Verdad
|
| Materias: | |
| Etiquetas: |
Agregar Etiqueta
Sin Etiquetas, Sea el primero en etiquetar este registro!
|
| LEADER | 01226ngm a22002775g 4500 | ||
|---|---|---|---|
| 001 | CEM.cems023310 | ||
| 008 | 130507s2011##################0###0#####d | ||
| 005 | 20250305152833.0 | ||
| 245 | 1 | 0 | |a Dios / |c Darío Sztajnszrajber. |
| 260 | |a Argentina : |b Canal Encuentro, |c 2011. | ||
| 300 | |a 26'. | ||
| 490 | 0 | |a Mentira La Verdad | |
| 520 | |a Siempre llegamos a la pregunta por el origen del origen. Pero volver al origen, ¿es posible? ¿Qué hay después? ¿O el después es el mismo lugar del origen? Estas preguntas y sus posibles respuestas nos introducen al mundo de lo religioso. ¿Qué es la religión? Si hay un Dios, ¿qué mundo se ordena a su alrededor? Y, si no hay un Dios, ¿hay algo más? ¿Y si detrás de todo no hay nada? | ||
| 538 | |a Soporte: DVD - Color: Si - Grabación DRD. | ||
| 590 | |a Identificación anterior registrada en SIABUC: D116 A | ||
| 500 | |a Consultar en ventanilla. | ||
| 100 | 1 | |a Sztajnszrajber, Darío | |
| 710 | 2 | |a Mulata films. | |
| 082 | 1 | 0 | |/ SZT-1 |
| 653 | |a DIOS | ||
| 653 | |a RELIGION | ||
| 653 | |a CREENCIAS | ||
| 653 | |a FILOSOFIA | ||
| 653 | |a MENTIRA LA VERDAD | ||
| 653 | |a SERIE DE TELEVISION | ||
| 859 | |a CEMS |b BIB. CEMS - Depto. Recursos Didacticos |h 100 |i SZT-1 |k DRD |p 1953.15 |t Ej.1 | ||
